| 000 | 02044cam a2200505 a 4500 | ||
|---|---|---|---|
| 001 | 20495 | ||
| 003 | VRT | ||
| 005 | 20260123111920.0 | ||
| 008 | 240226s1991 xo ac grh 000 f slo | ||
| 015 | _aSNBA1991 | ||
| 020 |
_a8022201537 _q(viazané) |
||
| 035 | _aSNK000007711 | ||
| 039 | 9 |
_a202402261754 _bVLOAD _c202311201350 _dVLOAD _c202210271426 _dmsnk160 _c202210271423 _dmsnk160 |
|
| 040 |
_aSNK _bslo _cSNK _eAACR2 |
||
| 041 | 1 |
_aslo _hger |
|
| 044 |
_axo _cSK |
||
| 072 | 7 |
_a821.112.2-3 _xNemecká próza, nemecky písaná _2konspekt |
|
| 072 | 7 |
_a929 _xBiografie _2konspekt |
|
| 080 |
_a821.112.2-31 _22011 |
||
| 080 |
_a821-312.6 _22011 |
||
| 100 | 1 |
_aSteinberg, Werner, _d1913-1992 _4aut |
|
| 240 | 1 | 4 |
_aDer Tag ist in die Nacht verliebt _lSlovensky |
| 245 | 1 | 0 |
_aDeň zaľúbený do noci _cWerner Steinberg ; [z nemeckého originálu Der Tag ist in die Nacht verliebt ... preložila Ľuba Tvarožková ; verše prebásnil M.M. Dedinský a Ľuba Tvarožková] |
| 250 | _a1. vyd. | ||
| 260 |
_aBratislava _bTatran _c1991 |
||
| 300 |
_a354 strán _bilustrácie, portréty _c25 x 14 cm |
||
| 490 | 1 |
_aOsudy slávnych _vzv. 33 |
|
| 500 | _aRozložený titulný list. Reprodukcie na frontispice a predsádkach | ||
| 600 | 1 | 7 |
_aHeine, Heinrich, _d1797-1856 _2SNKMA |
| 655 | 7 |
_anemecké romány _2SNKPH |
|
| 655 | 7 |
_abiografické romány _2SNKPH |
|
| 700 | 1 |
_aTvarožková, Ľuba _4trl |
|
| 700 | 1 |
_aMittelmann-Dedinský, Móric, _d1914-1989 _4trl |
|
| 830 | 0 | _aOsudy slávnych | |
| 910 | _asnk | ||
| 942 |
_2ddc _cKLDO _n0 |
||
| 949 |
_617A0335680 _9P60, <04>, [BOOK], {604} _asnkSC 79392 D1 _bsnkKSP 3489/91 |
||
| 949 |
_62889071554 _asavukS 109707 |
||
| 949 |
_6270001000032100 _asvkbbB 25038 _bsvkbbm 559163 _p559.163 |
||
| 949 |
_6270001000032101 _asvkbbB 25038 _bsvkbbm 558541 _p558.541 |
||
| 949 |
_617A0993852 _asnkSC 79392 _bsnkKSP 3488/91 _s6100:20221104 |
||
| 949 |
_6273K0261639 _asvkpoB 60027b _bsvkpo373232 _oPV 610/91 |
||
| 949 |
_6273K0261641 _asvkpoB 60027 _bsvkpo372591 |
||
| 949 |
_6273K0261640 _asvkpoB 60027a _bsvkpo372592 |
||
| 999 |
_c20495 _d20495 |
||